Culture générale - Rugby #2 - Statistiques

Statistiques générales
  • Ce quiz a été pris 1 520 fois
  • Le résultat moyen est 9 sur 20
Statistiques - réponses
Hint Réponse % Correct
L'Angleterre remporte la Coupe du monde 2003 en battant l'Australie en finale 20-17. Mais quelle nation a-t-elle battue en demi-finale ? France
94%
Quelle nation détient le plus de titres en Coupe du monde U20 masculine ? Nouvelle-Zélande
84%
Combien de points ont été inscrits lors de la finale de Coupe du monde 2011 ? 15
74%
Serge Blanco est le recordman d'essais inscrits avec le XV de France masculin. Combien d'essais a-t-il marqué ? 38
69%
Le rochelais Gabriel Lacroix a inscrit le quadruplé le plus rapide de l'histoire du Top 14 lors de la saison 2016/2017 face à Bayonne. En combien de minutes ? 12
64%
En quelle année s'est tenu le premier match de l'histoire du XV de France masculin ? (Indice : c'était avant la Première Guerre mondiale) 1906
61%
Quel arbitre était au sifflet de la finale de la Coupe du monde 2015 ? Nigel Owens
53%
De 2005 à 2015, le club du Racing 92 avait un autre nom que celui qu'il possède actuellement. Quel était ce nom ? Racing Metro 92
51%
Quel club sud-africain a remporté l'United Rugby Championship en 2022 ? Stormers
49%
En 2023, lors du Rugby Europe Championship, la 29e nation mondiale au classement World Rugby a battu le Portugal, 13e nation mondiale, sur le score de 10 à 6. Quelle était cette 29e nation mondiale ? Belgique
47%
Au classement World Rugby, le Japon est la nation la mieux classée, mais qui est la deuxième meilleure nation asiatique derrière le Japon ? Hong Kong
43%
Quel est le plus haut classement du XV de France féminin en Coupe du monde ? Troisième
42%
En Elite 1, championnat de France de rugby féminin, quel club a remporté le championnat trois fois d'affilée à deux reprises dans les années 2010 (2013, 2014, 2015 et 2017, 2018, 2019) ? Montpellier
34%
Les Fidji remportent le premier tournoi olympique de rugby à 7 de l'histoire en 2016. Mais contre qui ? Grande-Bretagne
29%
Qui est le seul Français à avoir été à la tête de World Rugby dans l'ère moderne du rugby ? Bernard Lapasset
26%
Quel joueur, toujours en activité et évoluant en Top 14 aujourd'hui, détient le record de points inscrits dans l'histoire de l'URC ? Dan Biggar
22%
Comment se nommait la franchise japonaise qui a été intégrée au Super Rugby entre 2016 et 2020 ? Sunwolves
17%
Quel ancien international anglais est connu pour être entré dans la famille royale britannique en mariant la fille de la princesse Anne du Royaume-Uni ? Mike Tindall
16%
Quel joueur est le recordman d'essais dans l'histoire du Super Rugby ? TJ Perenara
7%
Comment se nomme la compétition sud-américaine de rugby masculin disputée par des franchises brésiliennes, argentines, chiliennes, uruguayennes et paraguayennes ? Super Rugby Americas
6%
Aucun quiz correspondant
Distribution des résultats
% des personnes avec chaque résultat
Percentile par nombre de réponses
Votre historique - résultats
Vous n’avez pas pris ce quiz